La demanda de inscripcin̤ en el registro de la propiedad (principios - rogacin̤ - presentacin̤) /

Detalles Bibliográficos
Autor principal: Manzano Solano, Antonio
Formato: Desconocido
Lenguaje:español
Publicado: Barcelona : Atelier, D.L.1999
Materias:
Acceso en línea:Acceso restringido

MARC

LEADER 00000ny a22000003n 4500
005 20110621130257.0
008 000727s1999 sp s 000 0 spa c
017 |a B39485-1999 
020 |a 8493052442 
035 |a 517 
040 |a UMA.DER  |d vLex 
040 |a UMA.RE  |d vLex 
080 |a 347.235(460) 
090 |c 945  |d 945 
100 1 |a Manzano Solano, Antonio 
245 1 3 |a La demanda de inscripcin̤ en el registro de la propiedad  |h [Recurso electrn̤ico]  |b (principios - rogacin̤ - presentacin̤) /  |c Antonio Manzano Solano 
256 |a Servicio en ln̕ea 
260 |a Barcelona :  |b Atelier,  |c D.L.1999 
300 |a 179 p. ;  |c 22 cm 
504 |a Bibliografa̕: p. [173]-179 
506 1 |a Contenido solo disponible en los productos indicados  |d vLex Global  |d vLex Global (Academic Edition, excluding Law Schools)  |d vLex Global (U.S. Academic Edition, Law Schools)  |d vLex Global (U.S. Academic Edition, excluding Law Schools)  |d vLex Global (Academic Edition, Law Schools) 
650 0 7 |a Registro de la propiedad  |2 Tesauro vLex 
650 0 7 |a Inscripcin̤ registral  |2 Tesauro vLex 
650 0 7 |a Registro de la propiedad  |2 Tesauro vLex 
740 0 |a vLex Libros (Servicios en ln̕ea) 
856 4 0 |z Acceso restringido  |u http://vlex.com/source/517 
942 |c BOOK